La Chine pour les touristes... - Facile - Statistiques

Statistiques générales
  • Ce quiz a été pris 41 fois
  • Le résultat moyen est 9 sur 20
Statistiques - réponses
Question Indice Réponses Indice facile % Correct
Quelle est la langue officielle ? Mandarin
94%
Achats à faire 3/ Boisson chaude Thé HET
89%
Quelles sont les principaux lieux touristiques ? P Centre de {Pékin} EKPIN
83%
Quelles sont les principaux lieux touristiques ? M Grande {Muraille} ERULIAML
81%
Quelles sont les principaux lieux touristiques ? X Armée de terre cuite de {Xi'an} NAIX
78%
Quel est le régime du pays ? R République
69%
Dans la capitale quel est le décalage horaire avec Paris ? (+ ou - et chiffre) ex - 10 ou + 3,5 + 6
64%
Quelle est la monnaie ? Yuan Y
64%
Combien d'heures (environ) mettrez-vous pour vous y rendre ? (en chiffres) 10
58%
Le suffixe internet est cn
53%
La religion majoritaire est Taoïsme T
50%
Achats à faire 2/ Robe traditionnelles appelées Qipao QAOIP
42%
Achats à faire 4/ Soieries de Suzhou OZUUHS
25%
Quelles sont les principaux lieux touristiques ? G {Guilin} UNIIGL
19%
Comment se nomme la principale compagnie aérienne locale C S A China Southern Airlines SSATLIANONUREICRHEHIN
14%
Quelles sont les principaux lieux touristiques ? Y Rizières de {Yuanyang} NUANYYAG
14%
Quel est le climat local ? S H Subtropical humide
11%
Code sur les plaques minéralogiques PRC
8%
Achats à faire 1/ Emaux Cloisonnés EISSOOLNNC
3%
Le principal aéroport est D Daxing
3%
Aucun quiz correspondant
Distribution des résultats
% des personnes avec chaque résultat
Percentile par nombre de réponses
Votre historique - résultats
Vous n’avez pas pris ce quiz